书目信息 |
| 题名: |
花卉无土栽培
|
|
| 作者: | 韦三立 著 | |
| 分册: | ||
| 出版信息: | 北京 中国林业出版社 2001.01 |
|
| 页数: | 169页 | |
| 开本: | 23cm | |
| 丛书名: | ||
| 单 册: | ||
| 中图分类: | S680.47 | |
| 科图分类: | ||
| 主题词: | 观赏园艺 , 花卉 , 园林树木 | |
| 电子资源: | ||
| ISBN: | 7-5038-2637-1 | |
| 000 | 00582nam0 2200217 45 | |
| 001 | 0256792470 | |
| 005 | 2002041015463186 | |
| 010 | @a7-5038-2637-1@dRMB 18.00 | |
| 100 | @a20020410d2001 km y0chiy0120 ea | |
| 101 | 0 | @achi |
| 102 | @aCN@b110000 | |
| 200 | 1 | @a花卉无土栽培@AHua Hui Wu Tu Zai Pei@f韦三立著@FWei San Li Zhu |
| 210 | @a北京@c中国林业出版社@d2001.01 | |
| 215 | @a169页@d23cm | |
| 606 | 0 | @a观赏园艺 |
| 606 | 0 | @a花卉 |
| 606 | 0 | @a园林树木 |
| 690 | @aS680.47@v3 | |
| 701 | 0 | @a韦三立@AWei San Li@4著 |
| 801 | 0 | @aCN@bPFT@c20020410 |
| 905 | @a安徽大学@dS680.47@eW520 | |
| 花卉无土栽培/韦三立著.-北京:中国林业出版社,2001.01 |
| 169页;23cm |
| ISBN 7-5038-2637-1:RMB 18.00 |
| ● |
| 相关链接 |
|
|
|
正题名:花卉无土栽培
索取号:S680.47/W520
 
预约/预借
| 序号 | 登录号 | 条形码 | 馆藏地/架位号 | 状态 | 备注 |
| 1 | 355632 | 203556320 | 自科库401/401自科库 68排2列1层/ [索取号:S680.47/W520] | 在馆 | |
| 2 | 355633 | 203556339 | 自科库401/401自科库 68排2列1层/ [索取号:S680.47/W520] | 在馆 | |
| 3 | 355634 | 203556348 | 自科库401/401自科库 68排2列1层/ [索取号:S680.47/W520] | 在馆 |